Análisis de estabilidad del terreno en el sector sur del Bajo Anonos, cantón Escazú

Uloženo v:
Podrobná bibliografie
Hlavní autor: Saborío Romano, Daniel
Médium: Kniha
Jazyk:Spanish
Vydáno: [San José], Costa Rica 2012
Témata:
Tagy: Přidat tag
Žádné tagy, Buďte první, kdo vytvoří štítek k tomuto záznamu!

MARC

LEADER 00000nam a22000007a 4500
003 010740
005 20221231143929.0
008 151103b2012 cr a|||| |||| 00| 0 spa d
040 |c cru CEDI  
090 |a TFG 6565 
100 |9 2037  |a Saborío Romano, Daniel  
245 |a Análisis de estabilidad del terreno en el sector sur del Bajo Anonos, cantón Escazú  
260 |a [San José], Costa Rica  |c  2012 
500 |a Proyecto de graduación (licenciatura en ingeniería civil)--Universidad de Costa Rica. Facultad de Ingeniería. Escuela de Ingeniería Civil 
650 |x  ESTABILIZACION DE SUELOS - EVALUACION - ESCAZÚ (SAN JOSE, COSTA RICA)   |x ESTABILIZACION DE SUELOS - PRUEBAS - BAJO ANONOS (ESCAZÚ, SAN JOSE, COSTA RICA)   |x DESPRENDIMIENTOS DE TIERRAS - BAJO ANONOS (ESCAZÚ, SAN JOSE, COSTA RICA)   |x TALUDES (MECANICA DE SUELOS)  |9 2038 
942 |c TFG 
999 |c 14385  |d 14385